|
|
|
|
| LEADER |
00790nam a22001577a 4500 |
| 020 |
|
|
|a 9788190996402
|
| 082 |
|
|
|a M894.812 109
|b ASH/P
|
| 100 |
|
|
|a ഡോ.ആശാ നജീബ്
|
| 245 |
|
|
|a പരിസ്ഥിതിബോധം പി.കുഞ്ഞിരാമൻ നായരുടെയും വൈലോപ്പിള്ളിയുടെയും കവിതകളിൽ
|
| 260 |
|
|
|a Thiruvananathapuram
|b Jeevan Publications
|c 2009
|
| 300 |
|
|
|a 136p.
|
| 650 |
|
|
|a Paristhithibodam P.Kunjhiraman Nayarudeyum Vailoppilliyudeyum kavithakalil
|
| 650 |
|
|
|a Criticism- Malayalam
|
| 942 |
|
|
|c BK
|
| 999 |
|
|
|c 42263
|d 42263
|
| 952 |
|
|
|0 0
|1 0
|4 0
|6 M_894_812000000000000_109_ASHP
|7 0
|8 Stack
|9 45925
|a KUCL
|b KUCL
|c M
|d 2016-10-19
|g 100.00
|l 1
|o M894.812 109 ASH/P
|p G1477
|r 2016-12-31
|s 2016-11-26
|w 2016-10-19
|y BK
|